000 01156nam a22003017a 4500
005 20130422152950.0
008 130422b xxu||||| |||| 00| 0 eng d
010 _aENG-106957
020 _a9788177082579
_c535.00
035 _aEN-90490
037 _bDBAD/PUB
040 _aDPL
_bEng
082 _a354.5460072
100 _aAzam Khan
245 _aFinancial decentralization, panchayati raj institutions (PRIs) and rural development in India /
_cby Mohd. Azam Khan [and] Tosib Alam
246 _aFinancial decentralization, PRIs and rural development in India
260 _aNew Delhi
_bNew Century Publications
_c2011
270 _a4800/24, Bharat Ram Road, Ansari Road, Darya Ganj
_bNew Delhi
_e110002
300 _axv,169p.
_c23cm(Hb)
500 _a Includes bibliographical references (p. [155]-162) and index.
650 _aPanchayat |z |x Finance
_zIndia
650 _a Rural development
_z India.
650 _a Rural development projects
_z India.
650 _a Local finance
_z India.
650 _a Decentralization in government
_z India.
700 _aAlam, Tosib
942 _2ddc
_cEN
_h354.5460072
_mAZA
999 _c74800
_d74800